Well-being in African philosophy: (Record no. 1308502)

MARC details
000 -LEADER
fixed length control field 01078nam a22002777a 4500
005 - DATE AND TIME OF LATEST TRANSACTION
control field 20250407163836.0
008 - FIXED-LENGTH DATA ELEMENTS--GENERAL INFORMATION
fixed length control field 250407b |||||||| |||| 00| 0 eng d
020 ## - INTERNATIONAL STANDARD BOOK NUMBER
International Standard Book Number 978-1-79369-3078-0 (hbk)
037 ## - SOURCE OF ACQUISITION
Terms of availability TB
040 ## - CATALOGING SOURCE
Original cataloging agency CRL
Transcribing agency CRL
041 ## - LANGUAGE CODE
Source of code eng
Language code of text/sound track or separate title eng
084 ## - COLON CLASSIFICATION NUMBER
Classification number R86 R4
Assigning agency CRL
245 ## - TITLE STATEMENT
Title Well-being in African philosophy:
Remainder of title Insights for a global ethics of development
260 ## - PUBLICATION, DISTRIBUTION, ETC.
Place of publication, distribution, etc. Lanham, Maryland:
Name of publisher, distributor, etc. Lexington Books,
Date of publication, distribution, etc. 2024
300 ## - PHYSICAL DESCRIPTION
Extent vii,280p.
365 ## - TRADE PRICE
Price amount 85.00
Currency code UKP
490 ## - SERIES STATEMENT
Series statement African philosophy: Critical perspectives and global dialogue, (Editer) Uchenna B. Okeja
650 ## - SUBJECT ADDED ENTRY--TOPICAL TERM
Topical term or geographic name entry element African Philosophy
9 (RLIN) 33781
650 ## - SUBJECT ADDED ENTRY--TOPICAL TERM
Topical term or geographic name entry element Philosophy
700 ## - ADDED ENTRY--PERSONAL NAME
Personal name Bateye, Blaji (Editer)
9 (RLIN) 751892
700 ## - ADDED ENTRY--PERSONAL NAME
Personal name Masaeli, Mahmoud (Editer)
9 (RLIN) 751893
700 ## - ADDED ENTRY--PERSONAL NAME
Personal name Muller, Louise F. (Editer)
9 (RLIN) 751894
700 ## - ADDED ENTRY--PERSONAL NAME
Personal name Roothaan, Angela (Editer)
9 (RLIN) 751895
942 ## - ADDED ENTRY ELEMENTS (KOHA)
Source of classification or shelving scheme Colon Classification (CC)
Koha item type Textbook
Classification part R86 R4
Suppress in OPAC No
Holdings
Withdrawn status Lost status Source of classification or shelving scheme Damaged status Not for loan Home library Current library Date acquired Source of acquisition Cost, normal purchase price Inventory number Total Checkouts Full call number Barcode Date last seen Price effective from Koha item type
    Colon Classification (CC)     Central Library Central Library 2025-04-07 Sunrise Books 85.00 1150 & 2024-12-17   R86 R4 CL1682310 2025-04-07 2025-04-07 Textbook
Copyright @ Delhi University Library System